La casa degli spiriti

Uloženo v:
Podrobná bibliografie
Hlavní autor: Allende, Isabel
Médium: Kniha
Jazyk:angličtina
Vydáno: Milano Universale Economica 1991
Vydání:13.ed.
Tagy: Přidat tag
Žádné tagy, Buďte první, kdo vytvoří štítek k tomuto záznamu!

MARC

LEADER 00000nam a2200000 4500
001 CDOM0000005254
003 mi
005 20250829150024.0
008 250727b |||||||| |||| 00| 0 eng d
020 |a 880781000X 
040 |c mi 
100 |a Allende, Isabel 
245 1 |a La casa degli spiriti  |c di Isabel Allende 
250 |a 13.ed. 
260 |a Milano  |b Universale Economica  |c 1991 
300 |a 364 p.  |c 20 cm. 
410 0 |a Universale Economica Feltrinelli 
942 |2 ddc  |c BK 
952 |0 0  |1 0  |2 ddc  |4 0  |6 B_LNR02ALISCAS11  |7 0  |9 7718  |a MI  |b MI  |d 2012-06-11  |i 6347  |l 0  |o B-LNR02-ALIS-CAS11  |p CDOM6347  |r 2025-07-13 16:28:00  |w 2025-07-13  |x DONO  |y BK 
999 |c 6394  |d 6394